000 00725nam a2200241Ia 4500
005 20260430150327.0
008 008 250103s9999 xx 000 0 eng d
037 _aTheses
040 _aCRL
040 _beng
040 _ceng
041 _2eng
041 _aeng
084 _qCRL
100 _aPrusty Ankita Au.; Kapoor Sanjay Gu.; Tyagi Akhilesh Kumar Gu.
_91237157
245 0 _aFunctional Analysis of Mediator Subunit Genes, OsMED14_2 and Os MED26_2, in Rice Development
260 _c2022
300 _a226
650 _aBiology; Plants
700 _aUniversity of Delhi. Faculty of Inter- Disciplinary & Applied Science. Deptt. of Plant Moleculer Biology
942 _cTH
999 _c1849521
_d1849521